[Event "Manavgat Turkey Cup"]
[Site "Manavgat"]
[Date "2016.02.05"]
[Round "10"]
[White "Guler, Eren Can"]
[Black "Aydin, Muhammed Bugrahan"]
[Result "1/2-1/2"]
[WhiteElo "1480"]
[BlackElo "1449"]
[PlyCount "151"]
[EventDate "2016.01.30"]
[EventType "swiss"]
[EventRounds "11"]
[EventCountry "TUR"]
[SourceTitle "CBM 170 Extra"]
[Source "ChessBase"]
[SourceDate "2016.02.25"]
[SourceVersion "1"]
[SourceVersionDate "2016.02.25"]
[SourceQuality "1"]

1. d4 d5 2. Nc3 Nf6 3. Bg5 Nbd7 4. f3 h6 5. Bf4 Nh5 6. Nxd5 Nxf4 7. Nxf4 Nb6 8. e4 e6 9. Nge2 Bb4+ 10. c3 Be7 11. Nd3 0-0 12. g3 Nc4 13. Qc1 b6 14. Bg2 Bb7 15. 0-0 a5 16. a4 Ba6 17. Re1 Rc8 18. e5 c5 19. b3 Na3 20. Qd2 Bxd3 21. Qxd3 c4 22. bxc4 Nxc4 23. f4 Qc7 24. Qe4 Rfd8 25. Qb7 Qxb7 26. Bxb7 Rc7 27. Ba6 Ra8 28. Bxc4 Rxc4 29. Reb1 Rb8 30. Kf2 Kf8 31. Ke3 Bd8 32. Kd3 Rbc8 33. Rb5 Ke8 34. d5 exd5 35. Rxd5 R4c5 36. Rd4 b5 37. axb5 Rxb5 38. Raa4 Bb6 39. Rac4 Rxc4 40. Rxc4 Rb2 41. Rc8+ Bd8 42. Ra8 Kd7 43. Ra7+ Bc7 44. c4 Kc6 45. Ra8 Kb7 46. Rf8 a4 47. Rxf7 a3 48. Nc1 a2 49. Nxa2 Rxa2 50. e6 Kc6 51. Rxg7 Ra8 52. Rh7 h5 53. Rxh5 Kd6 54. c5+ Kxe6 55. Ke4 Ra4+ 56. Kf3 Rc4 57. Rh6+ Kd5 58. c6 Bd6 59. h4 Rxc6 60. Kg4 Rc8 61. Kf5 Be7 62. Rh7 Rf8+ 63. Kg6 Bd6 64. h5 Ke6 65. h6 Rf6+ 66. Kg5 Rf5+ 67. Kg4 Rf6 68. Kf3 Bf8 69. g4 Rxh6 70. Rxh6+ Bxh6 71. Kg3 Bg7 72. Kh4 Bc3 73. Kh5 Bd2 74. f5+ Kf6 75. Kh4 Bf4 76. Kh5 1/2-1/2

[Event "TUR-chT2"]
[Site "Konya"]
[Date "2014.06.25"]
[Round "4.8"]
[White "Ozoglu, Berker"]
[Black "Guler, Eren Can"]
[Result "1-0"]
[WhiteElo "1979"]
[BlackElo "1530"]
[PlyCount "43"]
[EventDate "2014.06.23"]
[EventType "team-swiss"]
[EventRounds "9"]
[EventCountry "TUR"]
[SourceTitle "CBM 161 Extra"]
[Source "ChessBase"]
[SourceDate "2014.08.29"]
[SourceVersion "1"]
[SourceVersionDate "2014.08.29"]
[SourceQuality "1"]
[WhiteTeam "Gokce"]
[BlackTeam "Tasduvar"]
[WhiteTeamCountry "TUR"]
[BlackTeamCountry "TUR"]

1. Nf3 g6 2. c4 d6 3. d4 Bg7 4. e3 Nc6 5. b3 e5 6. Bb2 e4 7. Nfd2 f5 8. h4 Nf6 9. b4 Bd7 10. b5 Ne7 11. Qb3 d5 12. cxd5 Nexd5 13. Bc4 c6 14. Nc3 Nxc3 15. Bf7+ Kf8 16. Ba3+ Qe7 17. Bxe7+ Kxe7 18. Qxc3 Kxf7 19. Nc4 Nd5 20. Qb3 Be6 21. bxc6 bxc6 22. Qb7+ 1-0

[Event "TUR-ch"]
[Site "Kemer"]
[Date "2012.02.02"]
[Round "7"]
[White "Guler, Eren Can"]
[Black "Binar, Murat"]
[Result "0-1"]
[WhiteElo "1516"]
[BlackElo "1904"]
[PlyCount "118"]
[EventDate "2012.01.29"]
[EventType "swiss"]
[EventRounds "10"]
[EventCountry "TUR"]
[SourceTitle "CBM 146 Extra"]
[Source "ChessBase"]
[SourceDate "2012.02.29"]
[SourceVersion "1"]
[SourceVersionDate "2012.02.29"]
[SourceQuality "1"]

1. d4 Nf6 2. Nc3 d5 3. Bg5 c6 4. Bxf6 exf6 5. e4 Bb4 6. exd5 Qxd5 7. Nf3 Be6 8. Bd3 Nd7 9. 0-0 Qh5 10. Ne4 0-0-0 11. a3 Be7 12. c4 Nb6 13. Rc1 Kb8 14. Re1 Rhe8 15. Qd2 g5 16. Ng3 Qh6 17. Nf5 Qf8 18. b4 h5 19. Nxe7 Rxe7 20. a4 Red7 21. a5 Na8 22. b5 cxb5 23. c5 Nc7 24. c6 Rd6 25. cxb7 a6 26. Qc3 Nd5 27. Qc5 Kxb7 28. Be4 R8d7 29. Rc2 f5 30. Bd3 Rc7 31. Qa3 Rxc2 32. Bxc2 g4 33. Ne5 Rd8 34. Qxf8 Rxf8 35. Nd3 Nc7 36. Nc5+ Kc6 37. Re5 Re8 38. Nxe6 fxe6 39. Bb3 Kd6 40. Kf1 Rf8 41. Ke2 Rf6 42. Rc5 h4 43. Bd1 Rf8 44. Kd2 Nd5 45. g3 hxg3 46. hxg3 Rh8 47. Be2 e5 48. Rc2 exd4 49. Bd3 Rh2 50. Ke1 Rh1+ 51. Kd2 Nc3 52. Be2 Kd5 53. Kd3 Rh2 54. Bf1 Ne4 55. Rc8 Rxf2 56. Rd8+ Kc5 57. Be2 Nc3 58. Bxg4 fxg4 59. Rc8+ Kd5 0-1

[Event "TUR-ch"]
[Site "Kemer"]
[Date "2012.01.31"]
[Round "5"]
[White "Hatipoglu, Metin"]
[Black "Guler, Eren Can"]
[Result "0-1"]
[WhiteElo "1845"]
[BlackElo "1516"]
[PlyCount "92"]
[EventDate "2012.01.29"]
[EventType "swiss"]
[EventRounds "10"]
[EventCountry "TUR"]
[SourceTitle "CBM 146 Extra"]
[Source "ChessBase"]
[SourceDate "2012.02.29"]
[SourceVersion "1"]
[SourceVersionDate "2012.02.29"]
[SourceQuality "1"]

1. e4 Nc6 2. d4 d5 3. Bb5 a6 4. Bxc6+ bxc6 5. e5 Bf5 6. Nf3 e6 7. 0-0 c5 8. Be3 cxd4 9. Nxd4 Ne7 10. b4 Rb8 11. c3 Qd7 12. Nd2 Bd3 13. Re1 Nf5 14. Nxf5 Bxf5 15. Nb3 Be7 16. Nc5 Qc6 17. Qe2 a5 18. Na6 Rb7 19. b5 Qc4 20. Qxc4 dxc4 21. Red1 a4 22. Rd4 Bd3 23. Rd1 f6 24. exf6 gxf6 25. R1xd3 cxd3 26. Rxd3 Kf7 27. c4 Rd8 28. Rxd8 Bxd8 29. Nc5 Rb8 30. Na6 Rb7 31. Nc5 Rb8 32. Na6 Ra8 33. Nb4 Be7 34. Nc6 a3 35. Kf1 Ra4 36. c5 Rc4 37. b6 cxb6 38. Nxe7 Kxe7 39. cxb6 Kd7 40. Ke2 Rc2+ 41. Kd3 Rxa2 42. Kc3 Re2 43. Kb3 a2 44. Bd4 e5 45. Bb2 Rxf2 46. Kxa2 Rxg2 0-1